Statistiques concernant Les 12 mois en 20 secondes

Cliquez ici pour prendre le quiz!

Statistiques générales

  • Ce quiz a été pris 835 fois
  • Le résultat moyen est 9 sur 12

Statistiques - réponses

HintRéponse% Correct
premier moisjanvier
98%
troisième moismars
94%
quatrième moisavril
92%
deuxièmes moisfévrier
92%
cinquième moismai
92%
sixième moisjuin
89%
septième moisjuillet
84%
huitième moisaout
80%
neuvième moisseptembre
69%
dixième moisoctobre
61%
onzième moisnovembre
50%
deuxième moisdécembre
41%

Distribution des résultats

Percentile par nombre de réponses

% des personnes avec chaque résultat

Votre développement - résultats

Vous n’avez pas pris ce quiz